The Consumption Expenditure Response to Unemployment: Evidence from Norwegian Households

Táto práca skúma heterogenitu v príjmoch domácností a reakciách spotreby na nezamestnanosť s použitím podrobných administratívnych daňových údajov z Nórska. Nezamestnanosť má v priemere za následok výrazné, trvalé zníženie príjmov, sprevádzané poklesom spotrebných výdavkov o jednu tretinu až polovic...

Descripción completa

Guardado en:
Detalles Bibliográficos
Autor principal: Fagereng, Andreas
Otros Autores: Onshuus, Helene, Torstensen, Kjersti N.
Formato: Capítulo de libro
Lenguaje:inglés
Materias:
Etiquetas: Agregar Etiqueta
Sin Etiquetas, Sea el primero en etiquetar este registro!

MARC

LEADER 00000naa a2200000 4500
001 0304383
005 20241001075608.3
041 0 |a eng 
044 |a NL 
245 1 0 |a The Consumption Expenditure Response to Unemployment: Evidence from Norwegian Households  |c Andreas Fagereng, Helene Onshuus, Kjersti N. Torstensen 
520 |a Táto práca skúma heterogenitu v príjmoch domácností a reakciách spotreby na nezamestnanosť s použitím podrobných administratívnych daňových údajov z Nórska. Nezamestnanosť má v priemere za následok výrazné, trvalé zníženie príjmov, sprevádzané poklesom spotrebných výdavkov o jednu tretinu až polovicu straty príjmu. Zistili sme, že domácnosti s väčšími likvidnými aktívami na začiatku pociťujú menší pokles spotreby, kým domácnosti s vyššou úrovňou dlhu sa stretávajú s výraznejším poklesom. 
610 2 0 |a Nórsko 
610 2 0 |a nezamestnanosť 
610 2 0 |a domácnosti 
610 2 0 |a spotreba domácností 
610 2 0 |a príjmy 
100 1 |a Fagereng, Andreas 
700 1 |a Onshuus, Helene 
700 1 |a Torstensen, Kjersti N.